LDR 00623naa#a2200169#i#450# 001 EN\\bibl\120530 005 20260503190219.7 011 ## _a2500-1825 100 ## _a20260331b2026####ek#y0engy0150####ca 102 ## _aRU 200 1# _aFAMILY DEMOGRAPHIC CALENDAR. ANNUAL CYCLE OF GENERATION RENEWAL IN THE POPULATION OF YENISEI PROVINCE AT THE TURN OF THE 19th AND 20th CENTURIES _eJournal article 210 1# _aKrasnoyarsk _cKrasnoyarsk State Agrarian University _d2026 215 ## _a10 с. 608 ## _aJournal article _2local 675 ## _aВсеобщая история. 94 _z 700 #1 _aZverev _gVladimir Aleksandrovich 856 4# _asej.kgau.ru _u